Movies Quiz

Random Movies Quiz

Can you name the twilight charactors Quiz Stats

 Plays Quiz not verified by Sporcle

Challenge
Share
Tweet
Embed
Score 0/23 Timer 10:00
0 Plays Today
% Correct
Bella
100%
Edward
100%
Alice
96.8%
Jacob
94.6%
Jasper
94.6%
Esme
93.5%
Rosalie
92.5%
Carlisle
91.4%
Emmett
90.3%
Billy
73.1%
Victoria
73.1%
Sam
72%
% Correct
Renesmee
71%
James
71%
Jessica
71%
Mike
67.7%
Laurent
66.7%
Eric
66.7%
Angela
65.6%
Renee
64.5%
Tyler
51.6%
Phil
47.3%
Waylon
14%

You're not logged in!

Compare scores with friends on all Sporcle quizzes.
Join for Free
OR
Log In

You Might Also Like...

Show Comments

Extras

Created Feb 19, 2012ReportNominate
Tags:character, Twilight

Top Quizzes Today


Score Distribution

Your Account Isn't Verified!

In order to create a playlist on Sporcle, you need to verify the email address you used during registration. Go to your Sporcle Settings to finish the process.

Report this User

Report this user for behavior that violates our Community Guidelines.

Details: